Rozmach islamského bankovníctva
Nejednotný výklad ustanovení koránu ovplyvňuje rozvoj tzv. islamského bankovníctva. Ponukou bankových produktov zlučiteľných s islamom globálni aktéri, napr. HSBC, Citigroup, Deutsche Bank získavajú väčšiu dôveru a nových investorov zo skupiny moslimských obyvateľov. Zdravé islamské portfólio. Výho...
Saved in:
| Main Author: | |
|---|---|
| Format: | Book Chapter |
| Language: | Slovak |
| Subjects: | |
| Tags: |
No Tags, Be the first to tag this record!
|
MARC
| LEADER | 00000naa$a2200000$$$4500 | ||
|---|---|---|---|
| 001 | 0022198 | ||
| 005 | 20231004124829.0 | ||
| 041 | 0 | |a slo | |
| 044 | |a SK | ||
| 245 | 1 | 0 | |a Rozmach islamského bankovníctva |c Václav Lavička |
| 520 | |a Nejednotný výklad ustanovení koránu ovplyvňuje rozvoj tzv. islamského bankovníctva. Ponukou bankových produktov zlučiteľných s islamom globálni aktéri, napr. HSBC, Citigroup, Deutsche Bank získavajú väčšiu dôveru a nových investorov zo skupiny moslimských obyvateľov. Zdravé islamské portfólio. Výhodnosť islamských dlhopisov sukuks. Problémy spojené s rastom islamského bankovníctva. | ||
| 610 | 2 | 0 | |a islam |
| 610 | 2 | 0 | |a bankovníctvo |
| 610 | 2 | 0 | |a dlhopisy bankové |
| 610 | 2 | 0 | |a likvidita |
| 100 | 1 | |a Lavička, Václav | |